Carol Barbone and Brian Ross (on behalf of Stop Stansted Expansion) v (1) The Secretary of State for Transport (2) The Secretary of State for Communities and Local Government and (1) BAA Limited and Stansted Airport Limited (2) Uttlesford District Council and others (Record no. 81355)
[ view plain ]
| 000 -LEADER | |
|---|---|
| fixed length control field | 02792cad a22002655a 4500 |
| 001 - CONTROL NUMBER | |
| control field | L147002 |
| 008 - FIXED-LENGTH DATA ELEMENTS--GENERAL INFORMATION | |
| fixed length control field | 090323e20090313xxk f v 000 0 eng d |
| 035 ## - SYSTEM CONTROL NUMBER | |
| System control number | (Sirsi) u147002 |
| 041 0# - LANGUAGE CODE | |
| Language code of text/sound track or separate title | eng |
| 245 04 - TITLE STATEMENT | |
| Title | Carol Barbone and Brian Ross (on behalf of Stop Stansted Expansion) v (1) The Secretary of State for Transport (2) The Secretary of State for Communities and Local Government and (1) BAA Limited and Stansted Airport Limited (2) Uttlesford District Council and others |
| Medium | [electronic resource] |
| 260 ## - PUBLICATION, DISTRIBUTION, ETC. | |
| Date of publication, distribution, etc. | 2009 |
| 520 ## - SUMMARY, ETC. | |
| Summary, etc. | [2009] EWHC 463 (Admin), 13 March 2009. The case considers whether two secretaries of state took into account relevant information and gave valid reasons for their decisions in granting planning permission for expansion of Stansted airport. Carol Barbone and Brian Ross (on behalf of Stop Stansted Expansion) (B) opposed an expansion project of Stansted Airport. The Secretary of State for Transport and Secretary of State for Communities and Local Government allowed an appeal by BAA Ltd and Stansted Airport Ltd against the refusal of Uttlesford District Council (U) and others to allow planning permission to expand Stansted airport capacity. U had refused an expansion of the airport. On appeal, the secretaries granted permission for the expansion. B argued that the two secretaries should have considered all the environmental impacts of such expansion, as required by the Future of Transport White Paper (2003) ; acted in breach of legitimate expectation; and acted in breach of the Town and Country Planning (Environmental Impact Assessment) (England and Wales) Regulations 1999 by not taking into account all the environmental information before granting planning permission. "Held": The two secretaries did not disregard the national transport planning policy for air transport development. They took into account material considerations related to C?s complaint. They also respected the 1999 Regulations. They gave valid reasons to support their conclusions. The application is refused. |
| 590 ## - LOCAL NOTE (RLIN) | |
| Local note | KA |
| 650 24 - SUBJECT ADDED ENTRY--TOPICAL TERM | |
| Topical term or geographic name entry element | BARBONE AND ANOTHER (ON BEHALF OF STOP STANSTED EXPANSION) V SECRETARY OF STATE FOR TRANSPORT AND ANOTHER |
| 650 24 - SUBJECT ADDED ENTRY--TOPICAL TERM | |
| Topical term or geographic name entry element | BUSHELL V SOS ENVIRONMENT |
| 650 24 - SUBJECT ADDED ENTRY--TOPICAL TERM | |
| Topical term or geographic name entry element | R (ESSEX COUNTY COUNCIL AND OTHERS) V SECRETARY OF STATE FOR TRANSPORT |
| 650 24 - SUBJECT ADDED ENTRY--TOPICAL TERM | |
| Topical term or geographic name entry element | TESCO STORES LTD V SOS ENVIRONMENT & ANOR |
| 650 24 - SUBJECT ADDED ENTRY--TOPICAL TERM | |
| Topical term or geographic name entry element | SOUTH BUCKINGHAMSHIRE DC V PORTER |
| 650 24 - SUBJECT ADDED ENTRY--TOPICAL TERM | |
| Topical term or geographic name entry element | TOWN AND CONTRY PLANNING ACT 1990 |
| 650 24 - SUBJECT ADDED ENTRY--TOPICAL TERM | |
| Topical term or geographic name entry element | TOWN AND COUNTRY PLANNING (ENVIRONMENTAL IMPACT ASSESSMENT) (ENGLAND AND WALES) REGULATIONS 1999 |
| 651 #4 - SUBJECT ADDED ENTRY--GEOGRAPHIC NAME | |
| Geographic name | England and Wales |
| Chronological subdivision | 1543- |
| 690 ## - LOCAL SUBJECT ADDED ENTRY--TOPICAL TERM (OCLC, RLIN) | |
| Topical term or geographic name as entry element | Planning and development |
| 9 (RLIN) | 6259 |
| 856 40 - ELECTRONIC LOCATION AND ACCESS | |
| Uniform Resource Identifier | <a href="https://www.bailii.org/ew/cases/EWHC/Admin/2009/463.html">https://www.bailii.org/ew/cases/EWHC/Admin/2009/463.html</a> |
| Public note | View the case free of charge at www.bailli.org... |
| 942 ## - ADDED ENTRY ELEMENTS (KOHA) | |
| Suppress in OPAC | 0 |
| Withdrawn status | Lost status | Source of classification or shelving scheme | Damaged status | Not for loan | Home library | Current library | Shelving location | Date acquired | Total Checkouts | Full call number | Barcode | Date last seen | Copy number | Price effective from | Koha item type |
|---|---|---|---|---|---|---|---|---|---|---|---|---|---|---|---|
| Dewey Decimal Classification | Virtual | Virtual | Online | 23/03/2009 | ONLINE JUDGMENT | 147002-2001 | 06/08/2019 | 1 | 06/08/2019 | Law report |